000 00664nam a2200289Ia 4500
005 20260324150629.0
008 008 260324s9999 xx 000 0 eng d
020 _a9781315008400
037 _aEBOOK
040 _aCRL
040 _beng
040 _cCRL
041 _2eng
041 _aeng
084 _qCRL
100 _aDorothea L. Meek
_91227070
245 0 _aSoviet Youth
245 0 _bSome Achievements and problems
260 _bTaylor and Francis
260 _c1957
365 _a
365 _b350
856 _uhttp://www.taylorfrancis.com/books/9781315008400
942 _cEBOOK
999 _c1836871
_d1836871